000 01099cab a2200325 4500
001 ABS58700
008 090401t1998 xxu||||| |||| 00| 0 eng d
035 _a(Sirsi) u86331
041 _aeng
100 _aBrown, P.
245 _aCompensation or disturbance
260 _c1998
350 _a0
490 _aIRRV Insight
_v(4) May 1998, 112-113(2)
520 _aExplores the rights of property owners to compensation for disturbance and compulsory purchase. Checklist of necessary actions to have occurred for legitimate claims, typical costs, and the valuation of goodwill.
650 _aACQUISITION OF LAND
650 _aCOMPENSATION
650 _aCOMPULSORY PURCHASE ACT 1965
650 _aDISTURBANCE
650 _aEXTINGUISHMENT
650 _aGOODWILL
650 _aINTEREST IN LAND
650 _aLAND COMPENSATION ACT 1973
650 _aLOSS AND EXPENSE
650 _aLOSS OF PROFIT
650 _aVALUATION METHODS
690 _aENVIRONMENTAL AND LAND CONSULTANCY-PLANNING AND DEVELOPMENT-COMPULSORY PURCHASE AND COMPENSATION
942 _n0
948 _c21/05/1998
999 _c54325
_d54325